| 000 | 00608nam a2200181Ia 4500 | ||
|---|---|---|---|
| 008 | 240729s9999 xx 000 0 und d | ||
| 022 | _a2671-7263 | ||
| 245 | 0 | _aJournal of Electromagnetic Engineering and Science | |
| 260 | _aKorea, Republic of | ||
| 260 | _bThe Korean Institute of Electromagnetic Engineering and Science | ||
| 650 | _a Electrical engineering. Electronics. Nuclear engineering | Science | ||
| 650 | _a Electricity and magnetism | ||
| 650 | _a Physics | ||
| 650 | _aTechnology | ||
| 856 | _uhttps://doaj.org/toc/824d421b1e9b49e899735f39638862d3 | ||
| 942 | _2ddc | ||
| 942 | _cDOAJEJ | ||
| 999 |
_c70911 _d70911 |
||
| 945 |
_a1 _bMadushi Gamage _c1 _dMadushi Gamage |
||